Chah janagosthir Lokageet, Loka Prampara aru Utsavar ruprekha (Record no. 10139)

MARC details
000 -LEADER
fixed length control field 00500cam a2200169ua 4500
008 - FIXED-LENGTH DATA ELEMENTS--GENERAL INFORMATION
fixed length control field 190906n ii |||gr||||Z||||||asm
040 ## - CATALOGING SOURCE
Transcribing agency MAIN
082 ## - DEWEY DECIMAL CLASSIFICATION NUMBER
Classification number 398.0954162
100 ## - MAIN ENTRY--PERSONAL NAME
Personal name Sukdev Adikari.,
Relator term
245 ## - TITLE STATEMENT
Title Chah janagosthir Lokageet, Loka Prampara aru Utsavar ruprekha
Statement of responsibility, etc. By Sukdev Adikari
250 ## - EDITION STATEMENT
Edition statement 1st ed.
260 ## - PUBLICATION, DISTRIBUTION, ETC.
Place of publication, distribution, etc. Guwahati:
Name of publisher, distributor, etc. Saraswati D.N Publication,
Date of publication, distribution, etc. 2015.
942 ## - ADDED ENTRY ELEMENTS (KOHA)
Koha item type Books
653 ## - INDEX TERM--UNCONTROLLED
Uncontrolled term Folklore
653 ## - INDEX TERM--UNCONTROLLED
Uncontrolled term Folk tradition of tea communities of Assam
Holdings
Withdrawn status Lost status Damaged status Not for loan Home library Current library Shelving location Date acquired Total Checkouts Full call number Barcode Date last seen Date last checked out Copy number Price effective from Koha item type
        Central Library, Naharkatiya College Central Library, Naharkatiya College General Stacks 19/09/2020 3 398.0954162ASSAMESE CULTURE | ADI 27741 19/04/2025 04/04/2025 1 19/09/2020 Books
        Central Library, Naharkatiya College Central Library, Naharkatiya College General Stacks 19/09/2020 6 398.0954162ASSAMESE CULTURE | ADI 27742 10/10/2023 05/10/2023 2 19/09/2020 Books

Naharkatiya College © 2020. All rights reserved.

Powered By